000 00389nam a2200133Ia 4500
008 211109s9999||||xx |||||||||||||| ||und||
082 _a894.812 3
_bGAN-E
100 _aGandhi M K,
245 0 _aEnt Satya Annekshana Kathakal
260 _bMathrubhumi
_aKozhikode
_c1945
630 _xGeneral Stack
650 _aMalayalam Literature
_vMalayalam FictionLiterature
_xGeneralia
942 _cBOOK
999 _c11350
_d11350